Pathways to the science standards : guidelines for moving the vision into practice /

Bibliographic Details
Corporate Author: National Science Teachers Association
Other Authors: Rakow, Steven J.
Format: Book
Language:English
Published: Arlington, Va. : National Science Teachers Association, [1998]
Edition:Middle school ed.
Subjects:

MARC

Tag First Indicator Second Indicator Subfields
LEADER 00000cam a2200000 a 4500
001 in00001444721
005 20151020111359.0
008 980623s1998 vaua 000 0 eng d
020 |a 0873551664 
035 |a (OCoLC)39337077 
035 |9 AJB6194AM 
040 |a GZC  |c GZC  |d UtOrBLW 
049 |a TXAM 
090 |a Q181  |b .P3386 1998 
245 0 0 |a Pathways to the science standards :  |b guidelines for moving the vision into practice /  |c editor, Steven J. Rakow. 
246 3 |a Pathways 
246 3 |a NSTA pathways to the science standards 
250 |a Middle school ed. 
264 1 |a Arlington, Va. :  |b National Science Teachers Association,  |c [1998] 
264 4 |c ©1998 
300 |a 151 pages :  |b color illustrations ;  |c 28 cm. 
336 |a text  |b txt  |2 rdacontent 
337 |a unmediated  |b n  |2 rdamedia 
338 |a volume  |b nc  |2 rdacarrier 
500 |a At head of title: NSTA. 
504 |a Includes bibliographical references. 
650 0 |a Science  |x Study and teaching (Middle school) 
650 0 |a Science  |x Study and teaching (Middle school)  |x Standards. 
700 1 |a Rakow, Steven J. 
710 2 |a National Science Teachers Association. 
948 |a c:jal 
999 |a MARS 
999 f f |s 9774dce8-e96a-3591-b416-def9a7da7ad0  |i 4de65924-11fc-3566-96ea-4e25a0c9a5e5  |t 0 
952 f f |p ric  |a Texas A&M University  |b Rellis Campus  |c Joint Library Facility  |d Remote Storage  |t 0  |e Q181 .P3386 1998  |h Library of Congress classification  |i unmediated -- volume  |m A14822309362 
998 f f |a Q181 .P3386 1998  |t 0  |l Remote Storage